| 000 | 01127nam a22003257a 4500 | ||
|---|---|---|---|
| 003 | CHAP | ||
| 005 | 20220329135507.0 | ||
| 008 | 971013s1954 mx r 00010 spa d | ||
| 010 | _a37504 | ||
| 011 | _a38476 | ||
| 035 | _a42596 | ||
| 040 | _cCHAP | ||
| 082 | 0 | 4 |
_a301.35016 _bP37 |
| 100 | 0 | 0 |
_aParra, Manuel Germán. _985755 |
| 245 | 1 | _aBibliografía indigenista de México y centroamericana (1850-1950) | |
| 260 |
_aMéxico : _bInstituto Nacional Indigenista, _c1954 |
||
| 300 | _a342 p. | ||
| 490 |
_aInstituto Nacional Indigenista. Memorias _v; 4 |
||
| 590 |
_aBATCH-UPD _b10 _c20130110 _lUCH01 _h2133 |
||
| 590 |
_aBATCH-UPD _b10 _c20130410 _lUCH01 _h1442 |
||
| 590 |
_aBATCH-UPD _b10 _c20130914 _lUCH01 _h1632 |
||
| 590 |
_aCONVERSION _b10 _c20130109 _lUCH01 _h1321 |
||
| 650 | 1 | 4 |
_aIndios de México _xBibliografía. _957624 |
| 700 | 0 |
_aJiménez Moreno, Wigberto. _961610 |
|
| 710 | 0 |
_aInstituto Nacional Indigenista. México. _959400 |
|
| 830 | 0 |
_aInstituto Nacional Indigenista. Memorias _v; 4 _959399 |
|
| 901 | _aBK | ||
| 942 | _cLIBRO | ||
| 949 |
_a301.35016 P37 _bBC _cLIBRO _d33724000227245 _eLIBRO _h756 _i42596 _mD _si |
||
| 999 |
_c37504 _d37504 |
||